Normal view
MARC view
- Hayat, Waleed
Entry Personal Name
001 - CONTROL NUMBER
- control field: 16062
003 - CONTROL NUMBER IDENTIFIER
- control field: NUST
005 - DATE AND TIME OF LATEST TRANSACTION
- control field: 20190630123927.0
008 - FIXED-LENGTH DATA ELEMENTS
- fixed length control field: 190630|| aca||aabn | a|a d
040 ## - CATALOGING SOURCE
- Original cataloging agency: NUST
- Transcribing agency: NUST
100 ## - HEADING--PERSONAL NAME
- Personal name: Hayat, Waleed
670 ## - SOURCE DATA FOUND
- Source citation: Work cat.: (NUST): Hayat, Waleed, An Analysis of factors affecting the performance of project in Oil and Gas Sector of Pakistan /, 2018.
